00319nam a2200133Ia 45000030006000000080041000060400015000471000018000622450040000802500010001202600026001305460012001560050017001680STCL150530s9999 xx 000 0 und d aSTCLcSTCL aAuden; Editor aFaber book of modern American verse aFirst bFaber and Faberc1930 aEnglish20220125171338.0